000 01325cam a2200133 4500500
005 20260329024602.0
041 _afre
042 _adc
100 1 0 _aLamotte, Vincent
_eauthor
245 0 0 _aLexique de l'enseignement de l'EPS
260 _bPresses Universitaires de France,
_c2005.
520 _aUn répertoire des termes et concepts utilisés dans la profession, à l’origine de nombreux débats dans la profession d’enseignant d’éducation physique et sportive - EPS. Il est nécessaire d’apporter des points de repères et de clarifier ce vocabulaire spécialisé, ce qui aura pour conséquence et ceci est le but de l’auteur, de contribuer àaugmenter l’efficacité professionnelle. En plus d’une réflexion sur le sens c’est aussi un travail critique sur l’utilisation de ces termes et concepts provenant parfois de disciplines différentes. Le choix et l’organisation des entrées ont été réalisés à partir des exigences des écrits professionnels des concours de Capes et de l’agrégation. Le contenu de chaque entrée est divisé en trois points: une définition - des exemples - des commentaires. Une bibliographie très importante complète ce lexique.
856 4 1 _uhttps://shs.cairn.info/lexique-de-l-enseignement-de-l-eps--9782130546153?lang=fr&redirect-ssocas=7080
999 _c1934953
_d1934953